Daňový tip newsletter aktualít daňového poradenstva

Saved in:
Bibliographic Details
Format: Serial
Language:Slovak
Published: Bratislava Verlag Dashöfer
Tags: Add Tag
No Tags, Be the first to tag this record!

MARC

LEADER 00000nas1a2200000 4500
001 0251486
005 20230217141827.2
022 |a 1335-2822 
022 |a 1336-5215 
041 0 |a slo 
044 |a SK 
245 1 0 |a Daňový tip  |b newsletter aktualít daňového poradenstva 
264 1 |a Bratislava  |b Verlag Dashöfer